书目信息 |
| 书名: | Oxford dictionary of current idiomatic English | |
| 作者: | ||
| 分册号: | ||
| 分册名: | 动词加介词和小词. | 出版地: | London : |
|
| 出版社: | Oxford University Press | |
| 出版时间: | 1984. | |
| 页数: | 2 v.396p. ; | |
| 开本: | 23 cm. | |
| 丛书名: | ||
| 中图分类号: | ||
| 科图分类号: | ||
| 其他分类号: | H313.3-61 | |
| 主题词: | ||
| 电子资源: | ||
| 000 | 01207nam 2200337 a 4500 | |
| 001 | E0733137889 | |
| 005 | 20070228091809.42 | |
| 008 | 00100 eng | |
| 008 | uu | |
| 008 | uu | |
| 008 | 001984 | |
| 010 | @a77351530 //r852 | |
| 020 | @a0194311503 (v. 2). | |
| 020 | @a0194311457 (v. 1). | |
| 049 | @aN5LA | |
| 050 | 0 | @aPE1689 @b.O94 |
| 082 | @a423/.1 | |
| 090 | @aH313.3-61 | |
| 096 | @aH316 @v2 | |
| 099 | @dH313.3-61@ex37:1 | |
| 245 | 00 | @aOxford dictionary of current idiomatic English@6牛津当代英语成语词典.@n第1卷,@p动词加介词和小词. |
| 260 | 0 | @aLondon :@bOxford University Press,@c1984. |
| 300 | @a2 v.396p. ;@c23 cm. | |
| 500 | @aIncludes indexes. | |
| 505 | 0 | @av. 1. Verbs with prepositions & particles / A.P. Cowie & R. Mackin -- v. 2. Phrase, clause & sentence idioms / A.P. Cowie, R. Mackin & I.R. McCaig. |
| 650 | 0 | @aEnglish language @xIdioms @xDictionaries. |
| 700 | 10 | @aMcCaig, I. R. @q(Isabel R.) @b00 @c20020930 @lNLC09 @h2247 @b00 @c20021018 @lNLC09 @h0430 @lNLC09 @h2314 @lNLC09 @h1905 |
| 700 | 10 | @aMackin, Ronald. |
| 700 | 10 | @aCowie, Anthony Paul. |
| 852 | 9 | @bWWJC @cJ09 @k2G @hH316 @iODCI |
| 852 | 9 | @bGJSS @k2G @hH316 @iODCI |
| Oxford dictionary of current idiomatic English. 第1卷,. 动词加介词和小词.-London : : Oxford University Press, , 1984. |
| 2 v.396p. ; ; 23 cm. |
| Includes indexes.-v. 1. Verbs with prepositions & particles / A.P. Cowie & R. Mackin -- v. 2. Phrase, clause & sentence idioms / A.P. Cowie, R. Mackin & I.R. McCaig. |
| ISBN 0194311503 (v. 2). |
| ● |
| 相关链接 |
|
|
|
|
正题名:Oxford dictionary of current idiomatic English
索取号:H313.3-61/x37:1
 
预约/预借
| 序号 | 登录号 | 条形码 | 馆藏地/架位号 | 状态 | 备注 |
| 1 | 183841 | 001300452 | 第四借阅区/ [索取号:H313.3-61/x37:1] | 在馆 | |
| 2 | 183842 | 001300461 | 第四借阅区/ [索取号:H313.3-61/x37:1] | 在馆 |